Family medicine board review
Like flashcards in a book, this is an intense quick-hit Q&A review for the family medicine in-service and board exams and the perfect complement to larger texts
Сохранить в:
| Главный автор: | |
|---|---|
| Формат: | |
| Язык: | Undetermined |
| Опубликовано: |
New York
McGraw-Hill Education
2010
|
| Предметы: | |
| Метки: |
Добавить метку
Нет меток, Требуется 1-ая метка записи!
|
| Thư viện lưu trữ: | Trung tâm Học liệu Trường Đại học Cần Thơ |
|---|
| LEADER | 00718nam a2200193Ia 4500 | ||
|---|---|---|---|
| 001 | CTU_190170 | ||
| 008 | 210402s9999 xx 000 0 und d | ||
| 082 | |a 610.76 | ||
| 082 | |b W138 | ||
| 100 | |a Waickus, Cynthia M. | ||
| 245 | 0 | |a Family medicine board review | |
| 245 | 0 | |c Cynthia M. Waickus, William A. Schwer, Scott H. Plantz | |
| 260 | |a New York | ||
| 260 | |b McGraw-Hill Education | ||
| 260 | |c 2010 | ||
| 520 | |a Like flashcards in a book, this is an intense quick-hit Q&A review for the family medicine in-service and board exams and the perfect complement to larger texts | ||
| 650 | |a Family medicine,Thuốc gia đình | ||
| 904 | |i Qhieu | ||
| 980 | |a Trung tâm Học liệu Trường Đại học Cần Thơ | ||